[Event "Match 82__120'/40"]
[Site "Zürich"]
[Date "2025.??.??"]
[Round "6"]
[White "Mephisto Explorer Pro"]
[Black "Scorpio 68000 sel. 4"]
[Result "0-1"]
[Annotator "4,5-1,5 for Scorpio"]
[WhiteElo "2016"]
[BlackElo "2043"]
[WhiteFideId "-1"]
[BlackFideId "-1"]
[PlyCount "113"]
[GameId "541692742479"]
[EventDate "2025.10.05"]
[EventType "match"]
[EventRounds "50"]

{[%evp 0,113,25,19,18,-11,-11,-14,-15,-19,-1,1,1,-4,10,9,27,33,35,6,25,-9,-3,-19,8,8,1,-18,-15,-10,-14,-17,-17,-27,-28,-26,-26,-26,-4,-9,-1,-13,-34,-47,-58,-66,-58,-80,-69,-88,-58,-68,-75,-63,-11,-11,-40,-21,-11,-12,-37,-69,-56,-62,-63,-63,-42,-100,-101,-118,-131,-105,-114,-123,-117,-117,-93,-97,-97,-100,-100,-91,-103,-97,-97,-104,-104,-104,-92,-118,-133,-136,-183,-189,-209,-254,-278,-880,-907,-937,-1102,-1102,-1075,-1102,-1102,-1267,-1149,-29126,-29088,-29965,-29966,-29979,-29980,-29981,-29982,-29983]} 1. Nf3 d5 {Match Nr. 82 mit 120'/40 | Bediener: Rolf Bühler | Kommentator: Kurt Utzinger | 6. Partie: Schwarz (Scorpio 68000 sel. 4) gewinnt | Zwischenstand: 4½-1½ für Scorpio 68000 sel. 4 | Stand hypothetisch: 4-2 für Mephisto Explorer Pro | Eröffnung: Englisch, Neo Katalanisch angenommen | Buchzüge 3 (31) von Scorpio; 5 (26) von Mephisto Explorer Pro | Partieverlauf: Mit seinem zurückhaltenden Aufbau überlässt das Morsch Programm dem Gegner die Initiative und hat nach 20 Zügen einen Bauern weniger. Trotz nicht bestem Spiel seines Gegners, begeht der Mephisto Explorer Pro weitere Fehler und geht chancenlos unter.} 2. c4 e6 3. g3 Nf6 $11 {***ENDE BUCH***} 4. Bg2 dxc4 5. Qa4+ $11 {***ENDE BUCH***} Bd7 6. Qxc4 Nc6 {Die Fortsetzungen 6...c5 und 6...Lc6 sind weitaus üblicher. Aber ein normaler Entwicklungszug mit dem Springer nach c6 kann nicht schlecht sein.} 7. Nc3 Bd6 8. O-O Qe7 ({Genauer ist} 8... O-O 9. d4 h6 10. a3 a5 $11) 9. Nb5 {Minimiert den weissen Vorteil. Deshalb waren 9.d4 oder 9.e4 zu präferieren.} O-O 10. Nxd6 cxd6 11. Qb3 $15 {Erneut kümmert sich der Mephisto Modena nicht ums Zentrum.} Rab8 {Nicht zwingend notwendig, denn Dxb7 war keine Drohung.} (11... a5 12. d4 a4 13. Qd3 h6 $11) 12. d3 {Gut sind auch:} (12. d4 h6 13. Bd2 a6 14. Rac1 Rfc8 15. Rfd1 a5 $11) (12. Rd1 a5 13. d4 h6 14. Bd2 Rfc8 15. Rac1 Be8 $11) 12... Rfc8 13. Bg5 h6 14. Bxf6 Qxf6 15. Rfc1 e5 16. Rc2 Na5 17. Rxc8+ Rxc8 18. Qd1 {Etwas zu passiv, so dass Schwarz leicht besser zu stehen kommt.} (18. Qb4 b6 19. Qd2 $11) 18... e4 $1 {Schwarz findet die beste Antwort.} 19. dxe4 Qxb2 $15 {Gewinnerwartung Weiss: 49% (+0% =98% -2%)} 20. Rb1 $2 $17 {Schlecht und zu klarem Vorteil für Schwarz führend; Gewinnerwartung Weiss 2% (+0% =5% -96%), also ein riesiger Rückschritt.} ({besser} 20. e5 dxe5 21. Rb1 Qc2 22. Nxe5 Be6 23. a3 b6 $15) 20... Qxa2 {Schwarz hat einen Bauern gewonnen bei besserer Stellung, so dass es zweifelhaft ist, ob Weiss die Partie noch retten kann.} {[#]} 21. e5 $2 $19 {[%mdl 32768] Das ***VERLIERT*** Nur 21.Ta1 als auch 21.Sd4 leisten noch Widerstand.} Ba4 22. Qe1 dxe5 23. Ra1 Qb2 24. Rb1 Qc2 25. Nxe5 b6 26. Ra1 Bb5 $6 $15 {Das räumt dem Gegner unnötige Gegenchancen ein, was durch 25...Db2 hätte vermieden werden können.} (26... Qb2 27. Bf1 Bc2 $19) 27. Bd5 {Der Punkt f7 ist doppelt angegriffen.} Rc7 $2 $11 {Scorpio 68000 sel. 4 Bewertung: +01.05, d07 35-48, Zeit 09:54, Variante 28.e3? Le8, 29.Db4 Df5, 30.Dxd6 Tc2 aber Schwarz erkennt somit nicht, dass er mit diesem Fehler seine gewonnene Stellung vermasselt, weil er die schlechte Antwort 28.e3? erwartet. Die ausgleichende Variante ist schlicht viel zu tief für unsere Schätze.} 28. e3 $2 $19 {Dass auch der Mephisto Explorer Pro unter den gegebenen Umständen keine Ahnung von seiner einmaligen Rettungschance hat, ist nicht verwunderlich.} (28. Nxf7 $1 Rxf7 29. Rc1 Qf5 30. Bxf7+ Kxf7 31. Rc7+ Kg8 32. Qa1 Qg6 33. Rxa7 Bc4 (33... Bxe2 34. Rxa5 bxa5 35. Qa2+ Kh7 36. Qxe2 $11) 34. Rc7 Bxe2 (34... Qf6 35. Qxf6 gxf6 36. Kf1 $11) 35. Qa2+ Bc4 36. Rxc4 Nxc4 37. Qxc4+ Kf8 $11) 28... Qb2 {Nicht am stärksten.} (28... Nb3 $1 29. Rb1 Ba4 30. Kg2 Nd2 31. Rb4 Bb3 32. Bxb3 Nxb3 $19 {und der schwarze Mehrbauer, bzw. die verbundenen Freibauern auf der a- und b-Linie sichern den Sieg.}) 29. f4 {Noch am besten, denn der Einschlag auf f7 bringt nun nichts mehr.} Be8 30. Rb1 Qc3 31. e4 Qxe1+ 32. Rxe1 $19 {Objektiv ist die Stellung zwar für Schwarz gewonnen. Aber bei unseren Oldies ist die fehlerfreie technische Verwertung fast unmöglich.} Rc2 $2 $17 {Der schwarze Vorteil reduziert sich damit um fast eine Bauerneinheit auf nur noch -0.84(36%)/46, falls Weiss nun mit 33.Ta1 antworten würde.} ({besser} 32... Kf8 {was den König ins Spiel bringt} 33. Ra1 {hält den Springer am Rand} Ke7 34. g4 f6 {verschwinde starker Springer} 35. Nf3 Nc6 {"Befreiung" des Springers} 36. Rb1 {hält den gegnerischen b-Bauern zurück} Kd6 37. Kf2 {Zentralisierung des Königs} Ne7 {hau ab du stark stehender Läufer} 38. Bb3 b5 {Freibauer läuft} 39. h4 {so wie du mir, so ich dir} a5 40. Nd4 Bd7 41. Be6 b4 42. Bxd7 Rxd7 $19) {[#]} 33. Rf1 $2 $19 {[%mdl 32768] Stolpert wieder in den ***VERLUST***} (33. Ra1 {-0.84(36%)/46 und noch nichts wäre entschieden.}) 33... Nc6 $1 34. Nxc6 Bxc6 35. Bxc6 Rxc6 $19 {Dieses Turmendspiel ist dank Mehrbauer und der schwarzen verbunden Freibauern am Damenflügel für Weiss hoffnungslos.} 36. Ra1 a5 37. Kf2 Kf8 38. Ke3 Ke7 39. Kd4 Rd6+ 40. Kc4 Kd7 41. Kb5 Rc6 42. e5 Kc7 43. Ka6 Rc5 44. h4 {Verhindert die "Brechstange" ...g5.} h5 {Dafür wird die weisse Bauernmehrheit lahmgelegt.} 45. Ra3 g6 46. Ra2 Rc3 47. Rb2 a4 $1 {Gut erkannt vom Scorpio 68000 sel. 4, dass der Gegner den b6-Bauern nicht schlagen darf.} 48. Rxb6 {Das erlaubt dem Gegner den Übergang in ein leicht gewonnenes Bauernendspiel. Die Partie war jedoch auch sonst für Weiss verloren.} Rc6 49. Ka5 (49. Rxc6+ Kxc6 50. Ka5 a3 {und der Bauer läuft durch.}) 49... Rxb6 50. Kxa4 {Der Rest ist Schweigen.} Kd7 51. Ka3 Ke6 52. Ka4 Kf5 53. Ka3 Kg4 54. Ka4 Kxg3 55. f5 gxf5 56. Ka5 Re6 57. Kb4 {***Aufgegeben***} 0-1

[Event "Match 82__120'/40"]
[Site "Zürich"]
[Date "2025.??.??"]
[Round "7"]
[White "Scorpio 68000 sel. 4"]
[Black "Mephisto Explorer Pro"]
[Result "1/2-1/2"]
[Annotator "5-2 for Scorpio"]
[WhiteElo "2043"]
[BlackElo "2016"]
[WhiteFideId "-1"]
[BlackFideId "-1"]
[PlyCount "37"]
[GameId "541692742480"]
[EventDate "2025.10.05"]
[EventType "match"]
[EventRounds "50"]

{[%evp 0,37,28,17,33,23,24,14,14,14,19,12,19,19,19,12,32,29,44,44,44,44,25,41,13,0,15,0,0,0,0,0,0,0,0,0,0,0,0,0]} 1. e4 e6 {Match Nr. 82 mit 120'/40 | Bediener: Rolf Bühler | Kommentator: Kurt Utzinger | 7. Partie: Remis | Zwischenstand: 5-2 für Scorpio 68000 sel. 4 | Stand hypothetisch: 4-3 für Mephisto Explorer Pro | Eröffnung: Französische Verteidigung, Tarrasch Variante geschlossen 8...Db6 9.Sf3 f6 | Buchzüge 13 (44) von Scorpio; 10 (36) von Mephisto Explorer Pro | Partieverlauf: Nach Ende der weissen Buchvariante begeht das Programm von Frans Morsch mit dem materialistischen Bauerngewinn 13...Dxb2? Selbstmord. Die Suchtiefe des Scorpio 68000 sel. 4 genügt indessen nicht, um die gewinnbringende Fortsetzung 14.Sb5 zu finden. Minusbauer ist jedoch Minusbauer, so dass sich das Programm von David Kittinger mit einem schnellen Remis durch dreifache Zugwiederholung zufriedengeben muss.} 2. d4 d5 3. Nd2 Nf6 4. e5 Nfd7 5. Bd3 c5 6. c3 Nc6 7. Ne2 cxd4 8. cxd4 Qb6 9. Nf3 f6 10. exf6 Nxf6 $16 {***ENDE BUCH***} 11. O-O Bd6 12. Nc3 {Normale Entwicklung, die üblichste Fortsetzung. Andere bekannte Züge sind:} (12. b3 O-O 13. Bf4 $11 ({oder} 13. Bb2 $11)) (12. Bf4 Bxf4 13. Nxf4 O-O 14. Qd2 $14) 12... O-O ({Natürlich nicht} 12... Nxd4 $2 13. Nxd4 {mit Figurengewinn, denn die schwarze Dame darf nicht zurückschlagen wegen} Qxd4 $4 14. Bb5+ Bd7 15. Bxd7+ Nxd7 16. Qxd4 $18) 13. Be3 $11 {***ENDE BUCH***} {[#]} Qxb2 $2 $18 {[%mdl 2] ***VERLIERT*** Dieser bekannte Bauernschnapp ist ein entscheidender Fehler. Als bester Zug gilt 13...Ld7 mit Entwicklung.} 14. Na4 $2 $11 {Der Scorpio 68000 sel. 4 findet die Widerlegung verständlicherweise nicht.} (14. Nb5 $1 {Dieser Gewinnzug steht schon im "Handbuch der Schacheröffnungen, Band 24: Französisch" von Rolf Schwarz aus dem Jahre 1967. Gemäss meiner besten und schnellsten Analyse-Engine auf Suchtiefe 48 verlieren die drei besten Verteidigungszüge wie folgt:} {PROMENADE-bmi2: 1)} Be7 ({PROMENADE-bmi2: 2)} 14... Bb8 15. Rb1 Qxa2 16. Ra1 Qb2 17. Ra4 a6 18. Bc1 axb5 19. Rxa8 Qc3 20. Bxb5 Bd7 21. Qa4 Ne4 22. Ba3 Rxf3 23. Bxc6 Bxc6 24. Rxb8+ Kf7 25. Rf8+ Kg6 26. Rxf3 Bxa4 27. Rxc3 Nxc3 28. Re1 Kf7 29. Bb4 Nb5 30. Bc5 Nc3 31. Re3 Ne4 32. Bb4 Nf6 33. Ra3 Bc6 34. f3 Ne8 35. Kf2 h5 36. h4 e5 37. dxe5 Nc7 38. Bc5 Ne6 39. Bb6 Nf4 40. Ra8 Ne6 41. Ra1 g6 42. Rg1 Kg7 43. Rd1 Nf4 44. Ra1 Ne6 45. g3 Kf7 46. Rc1 Ng7 47. Rg1 Bd7 48. g4 Ne6 49. Ke3 Ng7 50. Bd4 Bb5 51. Rb1 Bc6 {[%eval 312,47] [%wdl 1000,0,0]}) ({PROMENADE-bmi2: 3)} 14... Ne4 15. Rb1 Qxa2 16. Ng5 Bf4 17. Nxh7 Kxh7 18. Ra1 Qb2 19. Qh5+ Kg8 20. Rfb1 Rf5 21. Qe8+ Rf8 22. Qxf8+ Kxf8 23. Rxb2 Bb8 24. Bxe4 dxe4 25. Nc3 Bd6 26. Nxe4 Be7 27. Bg5 Bxg5 28. Nxg5 Nxd4 29. Ne4 a5 30. Nd6 Bd7 31. Nc4 b5 32. Nxa5 Ke7 33. Rd2 Nf5 34. Nb3 Rxa1+ 35. Nxa1 e5 36. Nc2 Be6 37. f3 g5 38. Kf2 Bb3 39. Nb4 Nd4 40. Ke3 Be6 41. Nd3 Nf5+ 42. Kf2 Kd6 43. Nf4+ Nd4 44. Nxe6 Kxe6 45. Ke3 Kd5 46. Ra2 Kc4 47. Ra8 b4 48. Rc8+ Kd5 49. Kd2 Nb3+ 50. Kd1 Nd4 51. Rg8 Kc4 52. Rxg5 b3 53. Kc1 Ne2+ 54. Kb2 e4 55. fxe4 Kb4 {[%eval 324,47] [%wdl 1000,0,0]}) 15. Rb1 Qxa2 16. Ra1 Qb2 17. Ra4 a6 18. Bc1 axb5 19. Rxa8 Qc3 20. Bxb5 Bd7 21. Qa4 Qb4 22. Rxf8+ Bxf8 23. Qxb4 Bxb4 24. Bf4 h6 25. Bxc6 Bxc6 26. Ne5 Be8 27. Rc1 g5 28. Nd3 Ba5 29. Be5 Ng4 30. Bd6 Bc6 31. Nc5 Kf7 32. Rb1 h5 33. h3 Nh6 34. Nxb7 Bxb7 35. Rxb7+ Kg6 36. Be5 Bd8 37. Rg7+ Kf5 38. g3 Bf6 39. Rh7 Bxe5 40. dxe5 Kg6 41. Re7 Kf5 42. Kf1 Kxe5 43. Rh7 Nf5 44. Rxh5 Kf6 45. Rh8 Ne7 46. Ra8 Ng6 {[%eval 275,47] [%wdl 998,2,0]}) 14... Qb4 15. Bd2 Qa3 16. Bc1 Qb4 17. Bd2 Qa3 18. Bc1 Qb4 19. Bd2 {***3x REMIS***} 1/2-1/2

[Event "Match 82__120'/40"]
[Site "Zürich"]
[Date "2025.??.??"]
[Round "8"]
[White "Mephisto Explorer Pro"]
[Black "Scorpio 68000 sel. 4"]
[Result "1-0"]
[Annotator "5-3 for Scorpio"]
[WhiteElo "2016"]
[BlackElo "2043"]
[WhiteFideId "-1"]
[BlackFideId "-1"]
[PlyCount "110"]
[GameId "541794234657"]
[EventDate "2025.10.05"]
[EventType "match"]
[EventRounds "50"]

{[%evp 0,110,25,33,39,47,90,38,38,33,45,37,34,32,26,26,25,24,31,27,28,22,26,35,57,62,48,35,48,34,113,114,98,105,113,103,137,183,177,173,181,183,183,177,183,182,179,172,190,186,190,189,196,195,208,200,205,212,211,201,186,126,302,304,372,354,358,382,430,414,414,445,410,409,419,422,451,452,459,463,481,459,488,504,477,514,520,432,410,428,428,461,510,553,659,659,659,659,659,659,659,902,953,1189,1542,1105,1270,1106,1533,29980,29985,29988,29989]} 1. e4 c5 {Match Nr. 82 mit 120'/40 | Bediener: Rolf Bühler | Kommentator: Kurt Utzinger | 8. Partie: Weiss (Mephisto Explorer Pro) gewinnt | Zwischenstand: 5-3 für Scorpio 68000 sel. 4 | Stand hypothetisch: 5-3 für Mephisto Explorer Pro | Eröffnung: Sizilianische Verteidigung, Rossolimo Variante 3...Ld7 | Buchzüge 4 (48) von Scorpio; 4 (40) von Mephisto Explorer Pro | Partieverlauf: Den frühzeitigen taktischen Fehler 14...Sf4? vermag der Scorpio 68000 sel. 4 nicht zu erkennen. Mit einem starken Auftritt gelingt es dem Mephisto Explorer Pro dieses Mal, seine Gewinnchancen in einen Sieg umzumünzen.} 2. Nf3 d6 3. Bb5+ Bd7 4. Bxd7+ $11 {***ENDE BUCH***} Nxd7 $11 {***ENDE BUCH***} 5. d3 Ngf6 6. O-O e6 7. Nc3 Be7 8. Bf4 O-O 9. Re1 Qb6 10. b3 Rfe8 11. a4 d5 12. e5 Nh5 13. Bg5 Bxg5 14. Nxg5 {[#]} Nf4 $2 $18 {[%mdl 2] Das "VERLIERT*** Scorpio 68000 sel. 4 Bewertung: 00.03, Tiefe d08 33-34, Variante: Df3 Db4, Se4 h6, Sxf7 dxe4.} ({PROMENADE-bmi2:} 14... g6 {0.34(53%)/48} 15. a5 Qd8 16. Qd2 Ng7 17. Nf3 Nf5 18. Ra4 Kg7 19. h3 h6 20. Ne2 Qc7 21. Ng3 d4 22. Raa1 b5 23. c3 dxc3 24. Qxc3 Qb7 25. Nxf5+ gxf5 26. d4 cxd4 27. Qxd4 Nf8 28. a6 Qe7 29. Rad1 Red8 30. Qe3 Ng6 31. Rd4 Rab8 32. Red1 Rxd4 33. Rxd4 Rc8 34. Rd6 Qc7 35. Kh2 Kh7 36. h4 Ne7 {[%eval 34,48] [%wdl 57,940,3]}) 15. Qf3 {Die von Schwarz erwartete Antwort.} Qb4 (15... h6 {ist etwas weniger ungünstig} 16. Qxf4 hxg5 17. Qxg5 $18 {und Weiss besitzt einen Bauern mehr.}) 16. Nb5 $1 {Diesen natürlichen Zug mit der Doppeldrohung 17.Sc7 mit Qualitätsgewinn und 17.c3 mit Eroberung des Sf4 hatte das Kittinger Programm in seinen Berechnungen übersehen und deshalb 16.Sce4 vorgeschlagen, was aber deutlich weniger kräftig ist.} h6 (16... Qd2 {hilft ebenso wenig} 17. Rad1 Ne2+ 18. Qxe2 Qxg5 19. Nc7 Qe7 20. Nxa8 Rxa8 21. c3 $18) 17. Nxf7 (17. c3 Qxb3 18. Qxf4 hxg5 19. Qc1 $18 {ist eine andere, einfachere Lösung.}) 17... Kxf7 {Schwarz wählt den schnellsten Tod.} (17... Ng6 18. c3 Qf4 (18... Qxb3 19. Qg4 Kxf7 20. Reb1 Qc2 21. Nd6+ Kg8 22. Nxe8 Rxe8 23. Qxg6 $18) 19. Qh5 Ndf8 (19... Qxf7 20. Nd6 Qf4 21. Qxg6 Nxe5 (21... Re7 22. Qg3 $18) 22. Rxe5 Qxe5 23. Qf7+ Kh7 24. Nxe8 $18) 20. Nfd6 Re7 21. g3 Qd2 22. Rad1 Qg5 23. Qxg5 hxg5 24. d4) (17... Rf8 18. c3 Qa5 19. Nbd6 Rxf7 20. Nxf7 Ng6 21. Nd6 Ndxe5 22. Qg3 Qxc3 23. Rad1 $18) 18. c3 Qxb3 19. Qxf4+ Kg8 20. Qc1 {Bewertung: +- 4.18 (100%) oder +100% =0% -0% Depth: 43/74} (20. Nc7 {sollt ebenfalls zum Sieg genügen.}) 20... d4 21. Ra3 Qd5 22. Nc7 Qc6 23. Nxa8 ({Noch stärker ist} 23. Nxe8 {weil der Springer droht, über d6 zu entwischen, so dass die Antwort erzwungen ist} Rxe8 24. cxd4 Qd5 (24... cxd4 25. Qxc6 bxc6 26. Rc1 Re7 27. Rxc6 Nxe5 28. Rd6 $18) 25. dxc5 Nxe5 26. Qc3 Nc6 27. Qc4 Qxc4 (27... Qd7 28. d4 $18) 28. dxc4 Re7 29. Rb3 a6 30. Reb1 Na5 31. Rb6 Kf7 32. c6 bxc6 33. Rxa6 Nxc4 34. Rxc6 $18) 23... dxc3 24. Qxc3 Rxa8 25. d4 {Auch 25.Dc4 oder 25.a5 gewinnen.} Qd5 26. dxc5 Nxc5 27. Rc1 Rd8 28. g3 (28. Qxc5 $4 Qd1+ 29. Rxd1 Rxd1#) 28... b6 29. a5 Ne4 {+- 4.76(100%)/42} 30. Qe3 {Genauer ist 30.Dc6!?} Nd2 {Auch die bessere Verteidigung 30...b5 genügt nicht mehr, das sinkende schwarze Schiff vor dem Untergang zu retten. Von der Gabeldrohung ...Sc4 hat sich Schwarz zuviel versprochen.} 31. axb6 $1 {Sehr gut erkannt von Weiss.} Nc4 32. Rxc4 {Erzwungen, aber auch stark.} Qxc4 33. bxa7 {[#] Der Kampf ist entschieden. Weiss hat zwei Bauern mehr, wobei vor allem der schon auf die siebte Reihe vorgeschobene Freibauer tödlich ist für Schwarz.} Rd1+ 34. Kg2 Qf1+ 35. Kf3 Rd8 {Stellt dem Gegner noch eine Falle.} 36. Kg4 {Weiss fällt nicht herein; nun droht die Umwandlung.} (36. a8=Q $2 {hätte die weissen Siegesträume zerstört.} Qh1+ 37. Kf4 Rxa8 38. Rxa8+ Qxa8 $11 {ausgeglichen}) 36... Ra8 37. Qe4 {Greift den Turm an, der wegen a7-a8D nicht wegziehen darf.} Qd1+ 38. f3 Qd8 {Nun sind Dame und Turm von Schwarz an die achte Reihe gebunden.} 39. f4 Qf8 40. Ra6 Qd8 41. Qb7 Qd1+ 42. Kh4 Qd5 43. Qb8+ Kh7 44. Qb1+ Kg8 (44... g6 45. Rd6 Qf3 46. Rd7+ Kh8 47. Qb8+ Rxb8 48. axb8=Q#) 45. Rd6 Qg2 46. h3 Rf8 47. Qg6 {Erobert einen dritten Bauer.} Qb7 48. Qxe6+ Kh8 49. Rd7 Qe4 50. Qe7 Rg8 {deckt das Matt auf g7} 51. Qf7 Qa8 52. Rb7 Qd8+ (52... Kh7 53. e6 Qd8+ 54. e7 Qa8 55. Rb8 Rxb8 56. axb8=Q Qxb8 57. e8=Q) 53. Kh5 Qd1+ 54. g4 Qf1 55. h4 {Weiss hat Mattangriff.} Qa6 {***AUFGEGEBEN***} ({PROMENADE-bmi2:} 55... Qa6 56. f5 Kh7 57. Qg6+ Kh8 58. Qxa6 g6+ 59. Qxg6 Rxg6 60. Kxg6 Kg8 61. a8=Q# {[%eval 32756,139] [%wdl 1000,0,0]}) 1-0